000 01073nam a22002657a 4500
999 _c63410
_d63410
005 20240530110639.0
008 171008s2016 ua k g b 000 0 ara d
017 _a2010/7364
_bمصر. دار الكتب
020 _a9789773277646
040 _aEG-CaGPL
_cEG-CaGPL
082 0 4 _221
_a338.4791 /
_bع م
100 0 _aعصمت عدلى
245 1 0 _aمقدمة فى الاعلام السياحى /
_cاعداد عصمت عدلى ، منال شوقى عبدالمعطى احمد
260 _aالاسكندرية :
_bدار الوفاء لدنيا الطباعة و النشر ،
_c2016.
300 _a261 ص. :
_bايض :
_c24 سم.
504 _aيشتمل على ارجاعات ببليوجرافية
650 0 7 _2qrmak
_aالاعلام
650 0 7 _2qrmak
_aالسياحة والدولة
650 0 7 _2qrmak
_aالتنمية السياحية
651 _2qrmak
653 0 _aالاعلام السياحى
700 0 _aمنال شوقى عبدالمعطى احمد
_eمؤلف مشارك
942 _2ddc
_cBK